000 00581cam a22001697a 4500
001 000019885
005 20200929170158.0
008 810309s1978 cu 000 0 spa d
040 _aDO-SdBNP
_cDLC
_dDLC
_bspa
_dBNPHU
100 1 _aRojas, Marta,
_938494
245 1 3 _aEl que debe vivir /
_cMarta Rojas ; edición de María del Carmen Pérez.
260 _aLa Habana :
_bCasa de las Américas,
_c[1978].
300 _a136, [1] p. ;
_c19 cm.
586 _aPremio Casa de las Américas
504 _aIncluye referencias bibliográficas y notas al pie de las páginas.
049 _aBNGR
999 _c19398
_d19398